| 000 | 01030cam a2200289 i 4500 | ||
|---|---|---|---|
| 001 | 22299 | ||
| 003 | Mx-PuUPA | ||
| 005 | 20250115095135.0 | ||
| 008 | 140415s2022 mx a fr 001 0 spa d | ||
| 020 | _a9786079954277 | ||
| 040 |
_cMx-PuUPA _aMx-PuUPA _dMx-PuUPA _erda _bspa |
||
| 041 | 0 | _aspa | |
| 100 | 1 |
_93276 _aAmuchategui Requena, I. Griselda, _q(Irma Griselda) _eautor |
|
| 245 | 1 | 0 |
_aDerecho penal / _cI. Griselda Amuchategui Requena |
| 250 | _aPrimera edición | ||
| 264 | 1 |
_aMéxico, Ciudad de México : _bEditorial Dikaia, _c2022 |
|
| 300 |
_axxvii, 532 páginas, 1 hoja plegada sin numerar : _btablas ; _c23 cm |
||
| 336 |
_2rdacontent _atexto _btxt |
||
| 337 |
_2rdamedia _asin medio _bn |
||
| 338 |
_2rdacarrier _avolumen _bnc |
||
| 500 | _a"Área penal y criminológica". -- Cubierta | ||
| 650 | 7 |
_2armarc _aDerecho penal |
|
| 942 |
_2ddc _cLI _h345 _iA525 |
||
| 999 |
_c22299 _d22299 |
||